INTRODUCTION TO HOSPITALITY INDUSTRY (Record no. 8017)

MARC details
000 -LEADER
fixed length control field 00380nam a22001577a 4500
020 ## - INTERNATIONAL STANDARD BOOK NUMBER
International Standard Book Number 978-81-921207-4-7
082 ## - DEWEY DECIMAL CLASSIFICATION NUMBER
Classification number 647.01
Item number NAY
100 ## - MAIN ENTRY--PERSONAL NAME
Personal name NAYAK, SHESADEV .S
245 ## - TITLE STATEMENT
Title INTRODUCTION TO HOSPITALITY INDUSTRY
250 ## - EDITION STATEMENT
Edition statement 2ND
260 ## - PUBLICATION, DISTRIBUTION, ETC. (IMPRINT)
Place of publication, distribution, etc DELHI
Name of publisher, distributor, etc AMAN PUBLICATION
Year of Publication 2011
300 ## - PAGE DESCRIPTION
No. of Pages 198
650 ## - SUBJECT ADDED ENTRY--TOPICAL TERM
Topical term or geographic name as entry element HOSPITALITY MANAGEMENT
653 ## - KEYWORDS--INDEX TERM
Keyword term HOSPITALITY
942 ## - ADDED ENTRY ELEMENTS (KOHA)
Source of classification or shelving scheme Dewey Decimal Classification
Koha item type Books
Holdings
Withdrawn status Lost status Source of classification or shelving scheme Damaged status Not for loan Collection code Home library Current library Shelving location Date acquired Vendor Name Cost, normal purchase price SGTU Bill Number Total Checkouts Full call number Accession No. (Barcode) Date last seen Bill Date Koha item type Date last borrowed
    Dewey Decimal Classification     HOTEL MANAGEMENT SGT Science & Social Sciences Library SGT Science & Social Sciences Library Text Book 08/10/2015 JINDAL BOOKSERVICE 480.00 SGTU 1775   647.01 NAY HM207 08/10/2015 07/09/2015 Books  
    Dewey Decimal Classification     HOTEL MANAGEMENT SGT Science & Social Sciences Library SGT Science & Social Sciences Library Text Book 08/10/2015 JINDAL BOOKSERVICE 480.00 SGTU 1775 1 647.01 NAY HM208 20/08/2018 07/09/2015 Books 08/08/2018
    Dewey Decimal Classification     HOTEL MANAGEMENT SGT Science & Social Sciences Library SGT Science & Social Sciences Library Text Book 08/10/2015 JINDAL BOOKSERVICE 480.00 SGTU 1775 1 647.01 NAY HM209 09/04/2026 07/09/2015 Books 25/03/2026